| 000 | 00411nam a22001577a 4500 | ||
|---|---|---|---|
| 999 |
_c3274 _d3273 |
||
| 005 | 20210809112740.0 | ||
| 008 | 160620b xxu||||| |||| 00| 0 eng d | ||
| 041 | _aeng | ||
| 082 |
_b8545 _a658.1503 |
||
| 100 |
_aArora, Pramash K _92323 |
||
| 245 | _a commonwealth,s Dictionary of economic and financial Management | ||
| 260 |
_bCommonwealth _c1989 |
||
| 300 | _a304 | ||
| 650 |
_aManagement _9241 |
||
| 942 | _cBK | ||